[Event "EYb12"]
[Site "Herceg Novi MNE"]
[Date "2008.09.17"]
[Round "3"]
[White "Marjanovic,De"]
[Black "Oparin,G"]
[Result "0-1"]
[WhiteElo "1865"]
[BlackElo "2107"]

1.e4 c5 2.c3 Nf6 3.e5 Nd5 4.Nf3 Nc6 5.d4 cxd4 6.cxd4 d6 7.Bc4 Nb6 8.Bb5 dxe5
9.Nxe5 Bd7 10.Bxc6 Bxc6 11.Nxc6 bxc6 12.O-O e6 13.Nc3 Be7 14.Be3 O-O 15.Rc1 Qd7
16.Qc2 Rfc8 17.a3 Nd5 18.Ne4 a5 19.Nd2 c5 20.Qd3 Nxe3 21.fxe3 cxd4 22.exd4 Rd8
23.Nf3 Bf6 24.Rfd1 Rab8 25.Rb1 Rb5 26.Rd2 Rd5 27.Qe4 Bxd4+ 28.Nxd4 Rxd4 29.Rxd4 Qxd4+
30.Qxd4 Rxd4 31.b4 axb4 32.axb4 Rd6 33.Rc1 Kf8 34.Rc8+ Ke7 35.Rb8 Rd7 36.b5 Kd6
37.g4 Kc7 38.Rg8 f6 39.Re8 Kd6 40.Rb8 e5 41.b6 Kc6 42.Re8 Kxb6 43.g5 Rf7
44.Rh8 fxg5 45.Re8 Rf5 46.Re7 Kc6 47.Rxg7 h5 48.Ra7 Kd5 49.Ra5+ Ke4 50.Kg2 Kf4
51.Ra4+ e4  0-1

[Event "4th ch-EU"]
[Site "Liverpool ENG"]
[Date "2008.09.17"]
[Round "9"]
[White "Tiviakov,S"]
[Black "Edouard,R"]
[Result "1/2-1/2"]
[WhiteElo "2645"]
[BlackElo "2508"]

1.e4 c5 2.c3 Nf6 3.e5 Nd5 4.g3 d6 5.exd6 Qxd6 6.Bg2 Nc6 7.Ne2 Bg4 8.h3 Bh5
9.O-O e6 10.d4 Rd8 11.Na3 Qd7 12.g4 Bg6 13.Nc4 h5 14.g5 Be7 15.dxc5 Bxc5
16.b4 b5 17.Na3 Be7 18.Nxb5 Ncxb4 19.a4 Nc2 20.Ra2 a6 21.Nf4 Nxf4 22.Qxd7+ Kxd7
23.Bxf4 axb5 24.axb5 Bc5 25.Rc1  1/2-1/2

[Event "IV Geller Memorial"]
[Site "Odessa UKR"]
[Date "2008.09.17"]
[Round "9"]
[White "Stets,V"]
[Black "Shevtsov,N"]
[Result "1/2-1/2"]
[WhiteElo "2265"]
[BlackElo "2325"]

1.e4 c5 2.c3 Nf6 3.e5 Nd5 4.d4 cxd4 5.Nf3 Nc6 6.cxd4 d6 7.Bc4 Nb6 8.Bb5 dxe5
9.Nxe5 Bd7 10.Bxc6 Bxc6 11.Nxc6 bxc6 12.O-O e6 13.Qg4 h5 14.Qe4 Rc8 15.Nc3 Nd5
16.Re1 Bd6 17.Bd2 O-O 18.Rac1 Bb8 19.g3 Re8 20.Qf3 Nxc3 21.Bxc3 Qd5 22.Qxd5 cxd5
23.Bd2 a6 24.Rxc8 Rxc8 25.Rc1 Rc4 26.Bc3 Ba7 27.Rd1 Kh7 28.Kf1 Kg6 29.Ke2 Kf5
30.h3 g5 31.f3 g4 32.fxg4+ hxg4 33.Rf1+ Kg6 34.Kd3 gxh3 35.Rh1 Rc8 36.Rxh3 Rg8
37.Bd2 Kf6 38.Bf4 Bb8 39.Ke3 Bxf4+ 40.Kxf4 Rc8 41.g4 Rc4 42.g5+ Kg6 43.Ke5 Rc2
44.Rb3 Re2+ 45.Kd6 Kxg5 46.a4 f5 47.Rb8 f4 48.b4 f3 49.Rf8 Kg4 50.b5 axb5
51.axb5 Rb2 52.Kc6 f2 53.b6 Kg3 54.b7 Kg2 55.Rg8+ Kh2 56.Rf8 Kg2  1/2-1/2

[Event "EYg14"]
[Site "Herceg Novi MNE"]
[Date "2008.09.18"]
[Round "4"]
[White "Bengtsson,J"]
[Black "Iwanow,A"]
[Result "1-0"]
[WhiteElo "1723"]
[BlackElo "1979"]

1.e4 c5 2.c3 Nf6 3.e5 Nd5 4.d4 cxd4 5.Nf3 Nc6 6.cxd4 d6 7.Bc4 e6 8.O-O Be7
9.Re1 O-O 10.a3 Bd7 11.Qd3 Rc8 12.Bd2 a6 13.Nc3 Nxc3 14.Bxc3 Na5 15.Ba2 Bb5
16.Qe4 d5 17.Qg4 Bd3 18.h4 Bf5 19.Qg3 Nc4 20.Rac1 b5 21.h5 a5 22.Bd2 Kh8
23.Bxc4 dxc4 24.Red1 b4 25.axb4 axb4 26.Nh2 Bd3 27.Qe3 Qd5 28.Nf3 Ra8 29.Ra1 Rfc8
30.Qe1 Qb5 31.Rxa8 Rxa8 32.Ra1 Rc8 33.Ra7 Re8 34.Qa1 Be4 35.Ng5 Bxg5 36.Bxg5 Qd5
37.Rxf7 Bxg2 38.Qd1 Ra8 39.h6 Bh3 40.f3 Rg8 41.Kh2 Ra8 42.Kxh3 c3 43.bxc3 bxc3
44.Rxg7 c2 45.Qd3  1-0

[Event "4th Pichay Cup"]
[Site "Manila PHI"]
[Date "2008.09.18"]
[Round "8"]
[White "Garma,C"]
[Black "Yap,K"]
[Result "0-1"]
[WhiteElo "2346"]
[BlackElo "2321"]

1.e4 c5 2.c3 Nf6 3.e5 Nd5 4.d4 cxd4 5.Nf3 e6 6.cxd4 b6 7.Nc3 Nxc3 8.bxc3 Qc7
9.Bd2 Be7 10.h4 d6 11.Rh3 Nd7 12.Qa4 O-O 13.Bd3 dxe5 14.Ng5 Nf6 15.Qc2 h6
16.Nh7 Nxh7 17.Bxh7+ Kh8 18.Be4 Bb7 19.Rg3 Bxe4 20.Qxe4 f5 21.Qe2 Bf6 22.Rg6 Kh7
23.h5 Rac8 24.Kf1 exd4 25.Qxe6 dxc3 26.Qxf5 Kh8 27.Bf4 Qc5 28.Kg1 c2 29.Re1 Bb2  0-1

[Event "9th YM Open"]
[Site "Lausanne SUI"]
[Date "2008.09.20"]
[Round "3"]
[White "Gorshkova,I"]
[Black "Gheorghiu,F"]
[Result "0-1"]
[WhiteElo "2166"]
[BlackElo "2375"]

1.e4 c5 2.c3 Nf6 3.e5 Nd5 4.d4 cxd4 5.Nf3 Nc6 6.cxd4 d6 7.exd6 Qxd6 8.Nc3 g6
9.Be2 Bg7 10.O-O O-O 11.Ne4 Qd8 12.h3 b6 13.Bg5 Bb7 14.Qd2 Nf6 15.Nxf6+ exf6
16.Be3 Ne7 17.Rac1 Qd7 18.Nh2 Rfd8 19.Bf3 Bxf3 20.Nxf3 Nd5 21.Rc2 Re8 22.Bf4 Re4
23.Bg3 Rae8 24.Rfc1 Bf8 25.a3 Bd6 26.Bxd6 Qxd6 27.Rc8 Kg7 28.R1c6 Qd7 29.Qc2 Nf4
30.Rxe8 Qxe8 31.Qc4 Ne2+ 32.Kf1 Nxd4 33.Rc8 Nxf3 34.gxf3 Rxc4 35.Rxe8 Rc1+
36.Kg2 Rc2 37.Re7 a5 38.b4 axb4 39.axb4 Rb2 40.Re4 b5 41.f4 f5 42.Rd4 Kf6
43.h4 h5 44.Kf3 Ke6 45.Kg3 Rb3+ 46.f3 Rb2 47.Rd6+ Kxd6  0-1

[Event "EYg12"]
[Site "Herceg Novi MNE"]
[Date "2008.09.21"]
[Round "6"]
[White "Dragieva,D"]
[Black "Osmanodja,F"]
[Result "0-1"]
[WhiteElo "1706"]
[BlackElo "1936"]

1.e4 c5 2.c3 Nf6 3.e5 Nd5 4.d4 cxd4 5.cxd4 d6 6.exd6 Qxd6 7.Nf3 Bg4 8.Be2 e6
9.O-O Be7 10.Nc3 O-O 11.Be3 Nc6 12.Rc1 Rfd8 13.h3 Bh5 14.Ne4 Qb8 15.Qb3 Nf4
16.Bd1 Bxf3 17.Bxf3 Nxd4 18.Bxd4 Rxd4 19.Rc2 Rb4 20.Qc3 Nd5 21.Qd2 Qe5 22.Rfc1 Rf8
23.a3 Rxe4 24.Bxe4 Qxe4 25.Rc8 Nf4 26.Rxf8+ Bxf8 27.f3 Qe5 28.Rc8 Qg5 29.Kf1 Qb5+
30.Ke1 Nd3+ 31.Kd1 Nxb2+ 32.Kc2 Nc4 33.Qc3 Qa4+ 34.Kc1 Qxa3+ 35.Qxa3 Nxa3
36.Rb8 b6 37.Rc8 g6 38.Kb2 Kg7 39.Kb3 Bc5 40.Rd8 Nb5 41.Rd1 Nd4+ 42.Kb2 Kf6
43.Rd3 Kf5 44.g3 e5 45.Re3 Ke6 46.Rd3 f5 47.Re3 Kd5  0-1

[Event "EYb10"]
[Site "Herceg Novi MNE"]
[Date "2008.09.21"]
[Round "6"]
[White "Antal,T"]
[Black "Donchenko,Al"]
[Result "1-0"]
[WhiteElo "2036"]
[BlackElo "1832"]

1.e4 c5 2.c3 Nf6 3.e5 Nd5 4.d4 cxd4 5.Nf3 e6 6.cxd4 d6 7.a3 Nc6 8.Bd3 Qc7
9.O-O a6 10.Qe2 Be7 11.b4 b5 12.Ra2 Bb7 13.Rc2 Rc8 14.Bd2 Qb8 15.Re1 Bd8
16.Qe4 Nde7 17.Qg4 Ng6 18.h4 h5 19.Qg3 dxe5 20.Bxg6 fxg6 21.Qxg6+ Kd7 22.Nxe5+ Nxe5
23.Rxe5 Rxc2 24.Qxe6+ Kc7 25.Rc5+  1-0

[Event "EYg18"]
[Site "Herceg Novi MNE"]
[Date "2008.09.21"]
[Round "6"]
[White "Traistaru,T"]
[Black "Danelia,M"]
[Result "0-1"]
[WhiteElo "2162"]
[BlackElo "2185"]

1.e4 c5 2.c3 Nf6 3.e5 Nd5 4.Nf3 e6 5.d4 cxd4 6.cxd4 d6 7.a3 Nc6 8.Bd3 g6
9.O-O Bg7 10.Re1 O-O 11.b4 dxe5 12.dxe5 Qb6 13.Be3 Nxe3 14.Rxe3 Nxe5 15.Nxe5 Bxe5
16.Ra2 Bg7 17.Nd2 Rd8 18.Ne4 Bd7 19.Qf3 Bc6 20.Qf4 Qd4 21.g3 f5  0-1

[Event "9th YM Open"]
[Site "Lausanne SUI"]
[Date "2008.09.21"]
[Round "5"]
[White "Gorshkova,I"]
[Black "Guliyev,N"]
[Result "0-1"]
[WhiteElo "2166"]
[BlackElo "2510"]

1.e4 c5 2.c3 Nf6 3.e5 Nd5 4.d4 cxd4 5.Nf3 Nc6 6.cxd4 e6 7.Nc3 Nxc3 8.bxc3 d6
9.Bf4 dxe5 10.Nxe5 Bd7 11.Nxd7 Qxd7 12.Bd3 Bd6 13.Bxd6 Qxd6 14.Rb1 b6 15.O-O O-O
16.Qh5 g6 17.Qh6 Rfd8 18.Rfe1 Rac8 19.Re3 Qf8 20.Qh4 Rd5 21.Rb5 Rxb5 22.Bxb5 Ne7
23.Rh3 h6 24.Ba6 Rc7 25.c4 Nf5 26.Qe4 Rd7 27.d5 h5 28.g4 exd5 29.cxd5 hxg4
30.Rc3 Re7 31.Qxg4 Re1+ 32.Kg2 Qd6 33.Rc8+ Kg7 34.Bc4 Qd7 35.Qh3 Qxc8 36.Qc3+  0-1

[Event "EYb12"]
[Site "Herceg Novi MNE"]
[Date "2008.09.23"]
[Round "8"]
[White "Beradze,I"]
[Black "Berbatov,K"]
[Result "1/2-1/2"]
[WhiteElo "2097"]
[BlackElo "2250"]

1.e4 c5 2.c3 Nf6 3.e5 Nd5 4.d4 e6 5.Nf3 cxd4 6.cxd4 d6 7.a3 Bd7 8.Bd3 Bc6
9.O-O Nd7 10.Re1 Rc8 11.Bg5 Qb6 12.Nbd2 dxe5 13.Nc4 Qc7 14.Ncxe5 Nxe5 15.Nxe5 Bd6
16.Qh5 Bxe5 17.Rxe5 Qb6 18.Rae1 Bd7 19.h3 h6 20.Bd2 Nf6 21.Qh4 Bc6 22.Bb4  1/2-1/2

[Event "EYb12"]
[Site "Herceg Novi MNE"]
[Date "2008.09.23"]
[Round "8"]
[White "Boruchovsky,A"]
[Black "Sanzhaev,D"]
[Result "0-1"]
[WhiteElo "1989"]
[BlackElo "2064"]

1.e4 c5 2.c3 Nf6 3.e5 Nd5 4.d4 cxd4 5.cxd4 d6 6.Nf3 Nc6 7.Bc4 Nb6 8.Bb5 Bd7
9.exd6 e6 10.Nc3 Bxd6 11.O-O Nb4 12.Bxd7+ Qxd7 13.Ne4 O-O 14.Ne5 Bxe5 15.dxe5 Nd3
16.Qg4 Kh8 17.Qh4 Qa4 18.b3 Qd4 19.Ba3 Rfe8 20.Rad1 Nd7 21.Qg3 Qxe4 22.Rxd3 Nb6
23.Re3 Qc2 24.Rf3 Qc7 25.Bd6 Qd7 26.Qf4 Kg8 27.Rg3 Kh8 28.Rd1 Nd5 29.Qg4 f5
30.exf6 gxf6 31.Ba3 Qf7 32.Bb2 Rac8 33.Qe4 Red8 34.Qf3 Nf4 35.Rxd8+ Rxd8
36.h3 e5 37.Qe4 Qe7 38.Qc4 a6 39.Kh2 Ng6 40.Qc2 Qd7 41.Rf3 Kg7 42.Rc3 Qd6
43.Qf5 Qd7 44.Qc2 Qd6 45.Qe4 Rd7 46.Qf5 Qd5 47.Rg3 Rf7 48.h4 Kh8 49.h5 Ne7
50.Qg4 Qd8 51.Qe6 Qd5 52.Qg4 Qd8 53.Bc1 Qc8 54.Qxc8+ Nxc8 55.Rc3 Nd6 56.Rd3 Nf5
57.Rd8+ Kg7 58.g4 Rc7 59.Ba3 Nd4 60.Kg2 Ne6 61.Bd6 Rf7 62.Re8 Nd4 63.Kg3 Rd7
64.Re7+ Rxe7 65.Bxe7 Ne2+ 66.Kf3 Nc1 67.Ke4 Kf7 68.Ba3 Nxa2 69.Kd3 Ke6 70.Kc2 a5
71.Kd3 b5 72.Bb2 Nb4+ 73.Ke4 Na6 74.f4 Nc5+ 75.Ke3 exf4+ 76.Kxf4 Nd3+  0-1

[Event "EYg18"]
[Site "Herceg Novi MNE"]
[Date "2008.09.24"]
[Round "9"]
[White "Exler,V"]
[Black "Baptista,A"]
[Result "1/2-1/2"]
[WhiteElo "2011"]
[BlackElo "2137"]

1.e4 c5 2.c3 Nf6 3.e5 Nd5 4.d4 cxd4 5.Nf3 Nc6 6.Bc4 Nb6 7.Bb3 d6 8.exd6 Qxd6
9.O-O dxc3 10.Qxd6 exd6 11.Nxc3 Be7 12.Nb5 O-O 13.Bg5 Bxg5 14.Nxg5 Na5 15.Bxf7+ Rxf7
16.Nxf7 Kxf7 17.Nxd6+ Kg6 18.f4 Bf5 19.Rf3 Kf6 20.Nxf5 Kxf5 21.g4+ Ke4 22.Kg2 Nd5
23.Re1+ Kd4 24.Rd1+ Ke4 25.Re1+  1/2-1/2

[Event "EYb18"]
[Site "Herceg Novi MNE"]
[Date "2008.09.24"]
[Round "9"]
[White "Potapov,P"]
[Black "Posedaru,B"]
[Result "1/2-1/2"]
[WhiteElo "2418"]
[BlackElo "2244"]

1.e4 c5 2.c3 Nf6 3.e5 Nd5 4.Nf3 d6 5.d4 cxd4 6.cxd4 Nc6 7.Bc4 Nb6 8.Bb5 dxe5
9.Nxe5 Bd7 10.Nxd7 Qxd7 11.O-O a6 12.Bxc6 Qxc6 13.Nc3 e6 14.Re1 Be7 15.Qg4 Kf8
16.Bg5 Bxg5 17.Qxg5 h6 18.Qh5 Rd8 19.Rad1 Nd5 20.Ne4 Kg8 21.b3 Qc2 22.Qh4 Kh7
23.Rc1 Qd3 24.Ng5+ Kg6 25.Nf3 Kh7 26.Ng5+ Kg6 27.Nf3 Kh7 28.Re4 Rhf8 29.Rce1 Rc8
30.Rg4 Nf6 31.Rf4 Nd5 32.Rg4 Nf6 33.Rf4 Nd5  1/2-1/2

[Event "TCh-NED 2008-9"]
[Site "Netherlands NED"]
[Date "2008.09.27"]
[Round "1"]
[White "Fiebig,T"]
[Black "Rietman,F"]
[Result "1/2-1/2"]
[WhiteElo "2405"]
[BlackElo "2252"]

1.e4 c5 2.c3 Nf6 3.e5 Nd5 4.d4 cxd4 5.Nf3 Nc6 6.cxd4 d6 7.Bc4 Nb6 8.Bb5 d5
9.Nh4 e6 10.Nf3 Bd7 11.Nc3 Be7 12.O-O O-O 13.Bd3 f5 14.exf6 Bxf6 15.Qc2 Nxd4
16.Nxd4 Bxd4 17.Bxh7+ Kh8 18.Bd3 Qh4 19.Be3 Bxe3 20.fxe3 Nc4 21.Qe2 Ne5 22.Bc2 Kg8
23.Rf4 Rxf4 24.exf4 Qxf4 25.Rf1 Qd4+ 26.Kh1 g6 27.h3 Kg7 28.Rd1 Qf4 29.Re1 Nc6
30.Rf1 Qg3 31.Rf3 Qg5 32.Qf2 Ne5 33.Qd4 Kg8 34.Rf1 Rf8 35.Rxf8+ Kxf8 36.Qxa7 Bc6
37.Qd4 Nf7 38.Ba4 Qc1+ 39.Kh2 e5 40.Qc5+ Kg7 41.Bxc6 bxc6 42.Qe7 Qxb2 43.Na4 Qd4
44.Nc5 Qf4+ 45.Kg1 Qc1+ 46.Kh2 Qf4+ 47.Kg1 Qc1+  1/2-1/2

[Event "Tatry Open"]
[Site "Tatranske Zruby SVK"]
[Date "2008.09.27"]
[Round "1"]
[White "Viszlai,A"]
[Black "Motuz,K"]
[Result "0-1"]
[WhiteElo "1988"]
[BlackElo "2339"]

1.e4 c5 2.c3 Nf6 3.e5 Nd5 4.d4 cxd4 5.cxd4 Nc6 6.Nf3 d6 7.Be2 g6 8.Bd2 Bg7
9.Nc3 dxe5 10.dxe5 O-O 11.O-O Nxe5 12.Qb3 Be6 13.Qa3 Nb6 14.Bf4 Nec4 15.Bxc4 Nxc4
16.Qb4 Qb6 17.Qxb6 axb6 18.Nb5 Bxb2 19.Rab1 Rxa2 20.Nfd4 Bd5 21.Rfe1 e6 22.Re2 Rfa8
23.Kf1 Ra1 24.Ree1 e5 25.Nc7 Bxd4 26.Nxa8 Rxa8 27.Bh6 Ra2 28.Re2 Bxg2+ 29.Ke1 Bc3+  0-1

[Event "5th Highlands Open A"]
[Site "Zdar nad Sazavou CZE"]
[Date "2008.09.27"]
[Round "8"]
[White "Simacek,P"]
[Black "Studnicka,Toma"]
[Result "1/2-1/2"]
[WhiteElo "2470"]
[BlackElo "2300"]

1.e4 c5 2.c3 Nf6 3.e5 Nd5 4.d4 cxd4 5.Nf3 Nc6 6.cxd4 d6 7.Bc4 Nb6 8.Bb5 dxe5
9.Nxe5 Bd7 10.Bxc6 Bxc6 11.Nxc6 bxc6 12.O-O e6 13.Qg4 h5 14.Qe4 Qd5 15.Nc3 Qxe4
16.Nxe4 Be7 17.Be3 O-O 18.Rac1 Rfc8 19.Rc2 Nd5 20.Bd2 Rab8 21.b3 Nb4 22.Bxb4 Rxb4
23.Rd1 a5 24.f3 a4 25.Rd3 axb3 26.axb3 g6  1/2-1/2

[Event "ch-ESP KO"]
[Site "Ceuta ESP"]
[Date "2008.09.28"]
[Round "1.4"]
[White "Khamrakulov,I"]
[Black "Cabrera Trujillo,J"]
[Result "1-0"]
[WhiteElo "2597"]
[BlackElo "2423"]

1.e4 c5 2.c3 Nf6 3.e5 Nd5 4.Nf3 Nc6 5.Bc4 e6 6.O-O d6 7.exd6 Qxd6 8.d4 cxd4
9.Nxd4 Nxd4 10.Qxd4 Nb6 11.Bb5+ Bd7 12.Bxd7+ Nxd7 13.Qg4 Nf6 14.Qf3 Qd5 15.Qxd5 Nxd5
16.Nd2 Be7 17.Nf3 Rc8 18.Be3 Nxe3 19.fxe3 Bc5 20.Kf2 Ke7 21.Ke2 Rhd8 22.Rad1 f6
23.Rxd8 Rxd8 24.b4 Bd6 25.a3 g5 26.h3 h5 27.c4 g4 28.hxg4 hxg4 29.Nd2 Rh8
30.c5 Bc7 31.Nc4 Rh2 32.Kf2 Rh4 33.Rc1 Rh5 34.Nd2 f5 35.c6 b6 36.Nb3 e5 37.Rd1 Bd6
38.Nd2 b5 39.Nb1 Rh8 40.Nc3 a6 41.e4 Rc8 42.exf5 Rxc6 43.Ne4 Rc2+ 44.Kg3 Bc7
45.Kxg4 Rxg2+ 46.Kf3 Ra2 47.f6+ Ke6 48.f7 Rxa3+ 49.Ke2 Ra2+ 50.Ke1 Kxf7 51.Rd7+ Ke6
52.Nc5+ Kf5 53.Rxc7 Kf4 54.Re7 Rb2 55.Nd3+  1-0

[Event "ch-ESP KO"]
[Site "Ceuta ESP"]
[Date "2008.09.28"]
[Round "1.2"]
[White "Khamrakulov,I"]
[Black "Cabrera Trujillo,J"]
[Result "1/2-1/2"]
[WhiteElo "2597"]
[BlackElo "2423"]

1.e4 c5 2.c3 Nf6 3.e5 Nd5 4.Nf3 Nc6 5.d4 cxd4 6.cxd4 d6 7.Nc3 dxe5 8.dxe5 Nxc3
9.Qxd8+ Nxd8 10.bxc3 Bd7 11.Be3 g6 12.Nd4  1/2-1/2

[Event "Tatry Open"]
[Site "Tatranske Zruby SVK"]
[Date "2008.09.28"]
[Round "2"]
[White "Tropp,F"]
[Black "Vesselovsky,S"]
[Result "0-1"]
[WhiteElo "2132"]
[BlackElo "2377"]

1.e4 c5 2.c3 Nf6 3.e5 Nd5 4.d4 cxd4 5.Nf3 Nc6 6.Bc4 Nb6 7.Bb5 g6 8.cxd4 Bg7
9.O-O O-O 10.Nc3 d6 11.exd6 Qxd6 12.Bxc6 Qxc6 13.Ne5 Qd6 14.Nb5 Qd8 15.h3 Be6
16.Re1 Nc4 17.Nf3 Qb6 18.Nc3 Nxb2 19.Qc2 Nc4 20.Na4 Qc6 21.Nc5 Bd5 22.Rxe7 Bxf3
23.Qxc4 Bxg2 24.Qd3 Rfe8 25.Rxe8+ Rxe8 26.Bb2 Bd5 27.Nb3 Qf6 28.Qg3 Bh6 29.h4 Qf5
30.f3 Be3+ 31.Kg2 Bf4 32.Qf2 Qg4+ 33.Kf1 Bc4+  0-1

[Event "ch-Commonwealth"]
[Site "Nagpur IND"]
[Date "2008.09.29"]
[Round "2"]
[White "Fenil,S"]
[Black "Prathamesh,S"]
[Result "1-0"]
[WhiteElo "2129"]
[BlackElo "2358"]

1.e4 c5 2.c3 Nf6 3.e5 Nd5 4.d4 cxd4 5.Nf3 e6 6.cxd4 d6 7.a3 Nc6 8.Bd3 dxe5
9.dxe5 Be7 10.O-O g5 11.Re1 h5 12.Bc2 Bd7 13.Be4 g4 14.Nd4 Qb6 15.Bxd5 exd5
16.Be3 Qxb2 17.Nxc6 Bxc6 18.Bd4 Qb5 19.e6 f6 20.Nc3 Qc4 21.Rc1 Bxa3 22.Bxf6 Bxc1
23.Qxc1 Rg8 24.Qh6 Qd3 25.Ne4  1-0

[Event "17th CRO-chT 1b"]
[Site "Sibenik CRO"]
[Date "2008.09.29"]
[Round "3"]
[White "Jurkovic,H"]
[Black "Rezan,S"]
[Result "1-0"]
[WhiteElo "2440"]
[BlackElo "2423"]

1.e4 c5 2.c3 Nf6 3.e5 Nd5 4.d4 cxd4 5.Nf3 d6 6.cxd4 Nc6 7.Bc4 Nb6 8.Bb5 dxe5
9.Nxe5 Bd7 10.Nxd7 Qxd7 11.O-O Rd8 12.a4 a6 13.Bxc6 Qxc6 14.Nc3 e6 15.Bg5 f6
16.Be3 Be7 17.Qh5+ g6 18.Qh6 Kf7 19.Rfc1 Nd5 20.Nxd5 Qxd5 21.Rc7 Rd7 22.Rac1 Rxc7
23.Rxc7 Qa5 24.Rxe7+ Kxe7 25.Qg7+ Kd6 26.Bf4+ Kc6 27.d5+ Kxd5 28.Qd7+ Ke4
29.f3+ Kf5 30.Qd3+ Kxf4 31.Qd4+ Kg5 32.Qe3+ Kh4 33.Qf4+ Kh5  1-0

[Event "ch-Commonwealth"]
[Site "Nagpur IND"]
[Date "2008.09.30"]
[Round "3"]
[White "Rishi,T"]
[Black "Himanshu,Sh"]
[Result "0-1"]
[WhiteElo "2021"]
[BlackElo "2423"]

1.e4 c5 2.c3 Nf6 3.e5 Nd5 4.d4 cxd4 5.Nf3 e6 6.cxd4 d6 7.a3 Nd7 8.Bd3 Qc7
9.O-O g5 10.Re1 Bg7 11.Qe2 b6 12.Bd2 dxe5 13.dxe5 Nc5 14.Bc2 Ba6 15.Ba4+ Nxa4
16.Qxa6 Qd7 17.b3 Nc5 18.Qc4 Rc8 19.a4 O-O 20.Na3 Ne7 21.Re2 Qd3 22.Qxd3 Nxd3
23.Nc4 Nc5 24.Nd6 Rc7 25.b4 Nb3 26.Rb1 Nxd2 27.Nxd2 Nd5 28.Nf3 Rd8 29.Nb5 Rc4
30.Rd2 Bf8 31.Nd6 Bxd6 32.exd6 Rxb4 33.Rxb4 Nxb4 34.Ne5 f6 35.Ng4 Nd5 36.d7 Kf7
37.Ne3 Rxd7 38.f3 Ke7 39.Nxd5+ Rxd5 40.Rc2 Rc5 41.Rd2 e5 42.Kf2 h5 43.g3 Ra5
44.Ra2 b5 45.Rb2 bxa4 46.Rb7+ Ke6 47.Ke2 a3 48.Rb1 a2 49.Ra1 Ra3 50.Kd1 Kd5
51.Kc1 Rxf3  0-1

[Event "ch-Commonwealth"]
[Site "Nagpur IND"]
[Date "2008.09.30"]
[Round "3"]
[White "Rathore,So"]
[Black "Prince,Ba"]
[Result "0-1"]
[WhiteElo "1838"]
[BlackElo "2111"]

1.e4 c5 2.c3 Nf6 3.e5 Nd5 4.Nf3 e6 5.d4 cxd4 6.cxd4 d6 7.Bc4 Nb6 8.Bd3 dxe5
9.Nxe5 Nc6 10.Bb5 Qd5 11.Qf3 Qxf3 12.Nxf3 Bd7 13.Nc3 Nb4 14.Bxd7+ Nxd7 15.O-O Nb6
16.a3 N4d5 17.Nxd5 Nxd5 18.Be3 Bd6 19.Rfe1 h6 20.Nd2 Kd7 21.Ne4 Rhc8 22.Rac1 b6
23.g3 f5 24.Nxd6 Rxc1 25.Rxc1 Kxd6 26.h4 Kd7 27.Kf1 Rc8 28.Rxc8 Kxc8 29.Ke2 Kd7
30.Kd3 Kc6 31.Bd2 Nf6 32.f3 Kd5 33.Be3 Nd7 34.Bf4 b5 35.b3 Kc6 36.Bd2 Nb6
37.Bf4 h5 38.Be5 g6 39.Bf4 Nd7 40.Bd2 Kd5 41.Bc3 a6 42.Bb2 a5 43.Bc3 a4 44.b4 Nb6
45.Bd2 Nc4 46.Bc1 e5 47.dxe5 Kxe5 48.Kc3 Kd5 49.Kd3 Nd6 50.Bf4 Nf7 51.Bd2 Ne5+
52.Ke2 Nc4 53.Bc1 Kd4 54.Kd1 Kd3 55.f4 Kc3 56.Ke2 Kc2  0-1

[Event "ch-Commonwealth"]
[Site "Nagpur IND"]
[Date "2008.09.30"]
[Round "4"]
[White "Suraj,M"]
[Black "Padmini,R"]
[Result "1/2-1/2"]
[WhiteElo "2058"]
[BlackElo "2257"]

1.e4 c5 2.c3 Nf6 3.e5 Nd5 4.d4 cxd4 5.Nf3 Nc6 6.cxd4 d6 7.Bc4 e6 8.O-O Be7
9.Qe2 O-O 10.Qe4 Ndb4 11.exd6 Qxd6 12.Bf4 Qd8 13.Nc3 Na5 14.Bd3 Nxd3 15.Qxd3 Nc6
16.a3 Bf6 17.Rfd1 Ne7 18.Be5 Nd5 19.Nxd5 Qxd5 20.Bxf6 gxf6 21.Nd2 f5 22.Rac1 b6
23.Qg3+ Kh8 24.Qe5+ Qxe5 25.dxe5  1/2-1/2

[Event "USCL 2008"]
[Site "ICC INT"]
[Date "2008.10.01"]
[Round "6"]
[White "Lenderman,A"]
[Black "Zaikov,O"]
[Result "1-0"]
[WhiteElo "2439"]
[BlackElo "2380"]

1.e4 c5 2.c3 Nf6 3.e5 Nd5 4.Bc4 Nb6 5.Bb3 d5 6.d4 cxd4 7.cxd4 Bf5 8.Ne2 e6
9.Ng3 Bg6 10.h4 h6 11.h5 Bh7 12.Nc3 Nc6 13.Rh3 Nc4 14.Kf1 Qb6 15.Nge2 O-O-O
16.Bc2 Bxc2 17.Qxc2 Kb8 18.b3 Na3 19.Qd1 f6 20.exf6 gxf6 21.Nf4 Nxd4 22.Ng6 Nac2
23.Nxh8 Nxa1 24.Nf7 Re8 25.Bxh6 Bxh6 26.Nxh6 Nac2 27.Ng4 f5 28.Ne5 Qc7 29.f4 Rh8
30.Qd3 a6 31.h6 Rh7 32.b4 Qe7 33.a3 a5 34.Nb5 Nxb5 35.Qxb5 Qc7 36.Qxa5 b6
37.Qa4 Nd4 38.Qd1 Nb5 39.Kg1 Nd6 40.Qe1 Ne4 41.Kh2 Kb7 42.Qe3 Ka7 43.a4 Kb7
44.b5 Qc8 45.Nc6 Nf6 46.Qd4 Qf8 47.a5 Ng4+ 48.Kg1 Qc5 49.a6+ Kc7 50.Qxc5 bxc5
51.Ra3  1-0

[Event "ch-Commonwealth"]
[Site "Nagpur IND"]
[Date "2008.10.01"]
[Round "5"]
[White "Rathore,So"]
[Black "Antonio,V"]
[Result "1-0"]
[WhiteElo "1838"]
[BlackElo "2114"]

1.e4 c5 2.c3 Nf6 3.e5 Nd5 4.Nf3 Nc6 5.d4 cxd4 6.cxd4 d6 7.Bc4 Nb6 8.Bb5 Bd7
9.Nc3 e6 10.O-O dxe5 11.dxe5 Qc7 12.Qe2 Be7 13.Bf4 a6 14.Bd3 Nb4 15.Be4 h6
16.Rac1 Nc6 17.Bb1 g5 18.Be3 Nc8 19.h3 Qb8 20.Rfd1 Nxe5 21.Nxe5 Qxe5 22.Qd2 Bd6
23.g3 Qa5 24.b4 Qxb4 25.Bd4 Rf8 26.Be5 Ke7 27.Bxd6+ Qxd6 28.Qe3 Qb8 29.Ne4 Kd8
30.Nf6 Nd6 31.Qa3 Ke7 32.Ne4 b5 33.Rxd6 b4 34.Qb2 f6 35.Rcd1 Ba4 36.Bc2 Qb5
37.Bxa4 Qxa4 38.Nc5 Qa3 39.Rd7+ Ke8 40.Nxe6 Rf7 41.Qd4  1-0

[Event "Autumn-5"]
[Site "Alushta UKR"]
[Date "2008.10.02"]
[Round "9"]
[White "Nosov,A"]
[Black "Shtyrenkov,V"]
[Result "1/2-1/2"]
[WhiteElo "2372"]
[BlackElo "2348"]

1.e4 c5 2.c3 Nf6 3.e5 Nd5 4.d4 cxd4 5.Qxd4 e6 6.Bc4 Nc6 7.Qe4 f5 8.Qe2 Nb6
9.Bb3 d6 10.exd6 Qxd6 11.Nf3 Na5 12.Bc2 Be7 13.O-O O-O 14.Re1 Bf6 15.Ne5 Bxe5
16.Qxe5 Qxe5 17.Rxe5 Nc6 18.Re1 e5 19.Bb3+ Kh8 20.Na3 Bd7 21.Be3 Rae8 22.Bc5 Rf6
23.Rad1 Be6  1/2-1/2

[Event "Podillya It"]
[Site "Khmelnitsky UKR"]
[Date "2008.10.02"]
[Round "10"]
[White "Ivanov,VA UKR"]
[Black "Nyzhnyk,I"]
[Result "0-1"]
[WhiteElo "2148"]
[BlackElo "2428"]

1.e4 c5 2.c3 Nf6 3.e5 Nd5 4.d4 cxd4 5.Nf3 Nc6 6.cxd4 d6 7.Bc4 dxe5 8.Nxe5 e6
9.O-O Be7 10.Bb5 Bd7 11.Bxc6 Bxc6 12.Nxc6 bxc6 13.Nc3 Nb6 14.Qf3 Qd7 15.Be3 O-O
16.Rac1 Rab8 17.Ne4 Nd5 18.b3 Rfd8 19.Rc4 Nb4 20.a3 Nd5 21.b4 Qb7 22.Rfc1 Rbc8
23.Bg5 Bxg5 24.Nxg5 Nb6 25.Rxc6 Rxc6 26.Rxc6 Rxd4 27.h3 Qd7 28.Rc3 h6 29.Ne4 Nc4
30.Nc5 Qd6 31.g3 Ne5 32.Qb7 Kh7 33.Kg2 Rd1 34.Re3 f5 35.Kh2 h5 36.Kg2 h4
37.gxh4 Ng6 38.Rg3 Nf4+ 39.Kh2 Nh5 40.Nxe6 Qxe6 41.Qf3 Nxg3 42.Qxd1 Ne2 43.Qb1 Qe5+
44.Kg2 Qd5+ 45.Kh2 Qf3 46.Qf1 Nf4 47.b5 Qxa3 48.Qb1 Qxh3+  0-1

[Event "ch-Commonwealth"]
[Site "Nagpur IND"]
[Date "2008.10.02"]
[Round "6"]
[White "Niji,A1"]
[Black "Dharani,S"]
[Result "1-0"]
[WhiteElo "2015"]
[BlackElo "1745"]

1.e4 c5 2.c3 Nf6 3.e5 Nd5 4.d4 cxd4 5.Nf3 Nc6 6.cxd4 d6 7.Bc4 Nb6 8.Bb5 dxe5
9.Nxe5 Bd7 10.Nxd7 Qxd7 11.O-O e6 12.Qg4 g6 13.Rd1 Nd5 14.Nc3 Bg7 15.Bg5 O-O
16.Rac1 Rac8 17.Na4 Qd6 18.a3 h6 19.Be3 a6 20.Bd3 Nf6 21.Qg3 Qxg3 22.hxg3 Nd5
23.Bf4 Nce7 24.Nc5 Nf5 25.Bd2 Nxd4 26.Nxb7 Rb8 27.Bxa6 Nb3 28.Rc2 Nd4 29.Rcc1 Nb3
30.Rc2 Nd4 31.Rc4 Nb6 32.Rb4 Nd5 33.Rc4 Nb6 34.Rcc1 Nd5 35.Bf4 e5 36.Bd2 Nb3
37.Rc4 Nd4 38.Ba5 Rfe8 39.Rc5 Nf6 40.Rc7 Nd5 41.Rc5 Nf6 42.Bb4 Bf8 43.Rc4 Bxb4
44.Rxb4 Nd5 45.Rc4 Re6 46.Nc5 Rc6 47.b4 Rbb6 48.b5 Rc7 49.a4 Rb8 50.Kf1 Nb6
51.Rcc1 Nd5 52.Ne4 Rd7 53.Rc5 Kg7 54.Rcc1 f5 55.Nc5 Rc7 56.a5 Kf7 57.b6 Rc6
58.Nd7 Rxc1 59.Rxc1 Rd8 60.b7 Nb3 61.Rc8 Nd2+ 62.Kg1 Rxd7 63.b8=Q Nf3+ 64.gxf3 Nf4
65.Rf8+ Ke6 66.Bc4+ Nd5 67.Bxd5+ Kxd5 68.Rd8 Rxd8 69.Qxd8+ Kc4 70.a6 e4 71.fxe4 f4
72.a7 fxg3 73.fxg3 h5 74.a8=R h4 75.Rc8+ Kb5 76.Qd5+ Kb6 77.Qb3+ Ka7 78.Rc4 Ka8
79.Ra4+  1-0

[Event "TCh-AUT 2nd Bundesliga Ost 2008-9"]
[Site "Austria AUT"]
[Date "2008.10.03"]
[Round "1"]
[White "Herndlbauer,M"]
[Black "Froschauer,H"]
[Result "1-0"]
[WhiteElo "2122"]
[BlackElo "2147"]

1.e4 c5 2.c3 Nf6 3.e5 Nd5 4.d4 e6 5.Nf3 cxd4 6.cxd4 b6 7.Nc3 Nxc3 8.bxc3 Ba6
9.Bxa6 Nxa6 10.Ng5 Be7 11.Ne4 O-O 12.Qa4 Nc7 13.Ba3 Ne8 14.Bxe7 Qxe7 15.Qb4 Qxb4
16.cxb4 f5 17.Nd2 Nc7 18.Nc4 Nb5 19.O-O Rac8 20.Rfc1 Nxd4 21.Kf1 Rc6 22.Nd6 Nc2
23.b5 Rc5 24.Rab1 g5 25.Kg1 Nb4 26.Rxc5 bxc5 27.a4 Nd3 28.Nc4 Nb4 29.a5 Rb8
30.b6 axb6 31.axb6 Kf8 32.Ra1 Nc6 33.Ra6 Ke7 34.g3 f4 35.gxf4 gxf4 36.Kg2 Nd4
37.Ra5 Rg8+ 38.Kh3 Nf3 39.Ra3 Ng5+ 40.Kg4 f3 41.b7 h5+ 42.Kxh5 Ne4 43.Ra8 Rg5+
44.Kh4  1-0

[Event "Masters"]
[Site "Winterthur SUI"]
[Date "2008.10.03"]
[Round "1"]
[White "Gusakovskaya,Y"]
[Black "Diamant,A"]
[Result "0-1"]
[WhiteElo "2080"]
[BlackElo "2393"]

1.e4 c5 2.c3 Nf6 3.e5 Nd5 4.Nf3 e6 5.Bc4 Be7 6.O-O O-O 7.d4 d6 8.Qe2 cxd4
9.cxd4 Nc6 10.Qe4 b6 11.Bd3 g6 12.Bh6 Re8 13.a3 Bb7 14.Nbd2 Rc8 15.Rad1 Qc7
16.Rfe1 Red8 17.h4 dxe5 18.dxe5 Ncb4 19.Bb1 Nc3 20.Qg4 Nxd1 21.axb4 Nxb2
22.h5 Nd3 23.Re3 Qc1+ 24.Kh2 Nxf2 25.Qf4 Qh1+ 26.Kg3 Rxd2 27.Ne1 Qxh5  0-1